Horse Knowledge - true or false - Statistics

General Stats
  • This quiz has been taken 51 times
  • The average score is 8 of 10
Answer Stats
Question Answer % Correct
Horses always sleep standing up. False
100%
Horses are measured in 'hands.' True
100%
A harem is a band of feral horses that consists of one mature stallion and several mares and their offspring. True
93%
Horses often mutual groom (two horses grooming each other at the same time). True
87%
Horses are color blind. False
80%
A bachelor band is another band of feral horses that is made up of only males. True
80%
Feral horses generally go to find water once a day or once every two days. True
67%
The stallion in a harem band takes the lead in changing activities (i.e. finding water, eating, sleeping, etc.) False
60%
One 'hand' is equivalent of 5 inches. False
60%
Free-ranging horses spend 40% of their time foraging. False
53%
No matching quizzes found
Score Distribution
Percent of People with Each Score
Percentile by Number Answered
Your Score History
You have not taken this quiz